Text book of commerce (Record no. 28847)

MARC details
000 -LEADER
fixed length control field 00336nam a2200145Ia 4500
082 ## - DEWEY DECIMAL CLASSIFICATION NUMBER
Classification number 339.1
Item number SIN
100 ## - MAIN ENTRY--AUTHOR NAME
Personal name Mugali, V N
245 #0 - TITLE STATEMENT
Title Text book of commerce
250 ## - EDITION STATEMENT
Edition statement Ed.11
260 ## - PUBLICATION, DISTRIBUTION, ETC. (IMPRINT)
Place of publication New Delhi
Name of publisher R Chand
Year of publication 1977
650 ## - SUBJECT ADDED ENTRY--TOPICAL TERM
Topical Term Commerce
700 ## - ADDED ENTRY--PERSONAL NAME
Personal name Sinha, J C
942 ## - ADDED ENTRY ELEMENTS (KOHA)
Koha item type Books
Holdings
Withdrawn status Lost status Damaged status Not for loan Home library Current library Date acquired Cost, normal purchase price Full call number Accession Number Koha item type
        RRII Library RRII Library 16/12/2021 10.00 339.1 SIN 09440 Books